Cómo y cuándo aplicar un robot industrial /

Contenido: Génesis de la robótica; Definición; Tipos de robots que se ofrecen hoy en el mercado; Autonomía de los robots; Elementos terminales; Sensores para robots; Características de los robots; Sistemas de programación y de control; Ergonomía, implantación, simulación e integración; Seguridad; La...

Descripción completa

Guardado en:
Detalles Bibliográficos
Autor principal: Audí Piera, Daniel (autor)
Formato: Libro
Idioma:Español
Publicado: Barcelona, España : Marcombo, 1988, c1988
Colección:(Prodúctica ; 6)
Temas:
Etiquetas: Agrega una etiqueta
Sin etiquetas, Sé el primero en etiquetar este registro!

MARC

LEADER 00000nam^a2200000^a^4500
001 000176858
005 20250521000000.0
009 20260310101654.59
020 |a 84-267-0682-7 
037 |a Acervo ITESO - Biblioteca 
041 |a ESP 
082 |a 629. 892  |b AUD 
100 |a Audí Piera, Daniel  |e (autor) 
245 1 0 |a Cómo y cuándo aplicar un robot industrial /  |c D. Audí Piera. 
264 4 |a Barcelona, España :  |b Marcombo,  |c 1988, c1988 
300 |a 164 p. 
336 |a texto  |b txt  |2 rdacontenido 
337 |a sin mediación  |b n  |2 rdamedio 
338 |a volumen  |b nc  |2 rdasoporte 
440 1 |a (Prodúctica ;  |v 6) 
520 |a Contenido: Génesis de la robótica; Definición; Tipos de robots que se ofrecen hoy en el mercado; Autonomía de los robots; Elementos terminales; Sensores para robots; Características de los robots; Sistemas de programación y de control; Ergonomía, implantación, simulación e integración; Seguridad; La práctica de la implantación de robots; Avanzado en el desarrollo de la automatización; Transporte de las piezas en líneas automatizadas; Consideraciones acerca de la rentabilidad de las inversiones; Qué nos ha apostado realmente de nuevo la robótica; Indice de aplicaciones consolidadas, en desarrollo y robots experimentados; Los robots y el paro: ¿Qué nos depara el futuro; Apéndice. 
649 |a XX 
650 |a Robótica en la Industria 
650 |a Proceso de Producción 
650 |a Automatización 
650 |a Computadoras en la Industria 
650 |a Ingeniería Industrial 
650 |a Ingeniería Computacional 
910 |a Fondo General 
920 |a Impresos - Libros 
930 |a Colección General 
905 |a 101 
901 |a 0500115716  |b IT1  |c ACC  |u 20250521 
902 |a https://opac.biblio.iteso.mx/vufind/Record/000176858